Southville International School and Colleges
Your cart is empty.
  • Cart
  • Lists
    Public lists Eva Luna New books Lux_list list_1
    Your lists Log in to create your own lists
  • Log in to your account
  • Your cookies
  • Search history
Southville International School and Colleges
  • Advanced search
  • Recent comments
  • Most popular
  • Libraries

Log in to your account

Log in with GOOGLE


If you do not have an external account, but do have a local account, you can still log in:

  1. Home
  2. MARC view: The Structure of Past and Future Lives in Desperation /
Normal view MARC view ISBD view

The Structure of Past and Future Lives in Desperation / (Record no. 118445)

[ view plain ]
MARC details
000 -LEADER
fixed length control field 00495nam a22001697a 4500
008 - FIXED-LENGTH DATA ELEMENTS--GENERAL INFORMATION
fixed length control field 140613b xxu||||| |||| 00| 0 eng d
100 ## - MAIN ENTRY--PERSONAL NAME
Personal name Dalgleish, Tim
245 ## - TITLE STATEMENT
Title The Structure of Past and Future Lives in Desperation /
Statement of responsibility, etc Dalgleish, Tim et. al
260 ## - PUBLICATION, DISTRIBUTION, ETC. (IMPRINT)
Date of publication, distribution, etc c2011.
300 ## - PHYSICAL DESCRIPTION
Extent 120 : 1, page 1
440 ## - SERIES STATEMENT/ADDED ENTRY--TITLE
Name of part/section of a work Journal of Abnormal Psychology
650 ## - SUBJECT ADDED ENTRY--TOPICAL TERM
Topical term or geographic name as entry element Depression
650 ## - SUBJECT ADDED ENTRY--TOPICAL TERM
Topical term or geographic name as entry element Autobiographical memory
650 ## - SUBJECT ADDED ENTRY--TOPICAL TERM
Topical term or geographic name as entry element Overgeneral
650 ## - SUBJECT ADDED ENTRY--TOPICAL TERM
Topical term or geographic name as entry element Compartmentalization.
942 ## - ADDED ENTRY ELEMENTS (KOHA)
Source of classification or shelving scheme Library of Congress Classification
Item type Periodicals

No items available.

The Structure of Past and Future Lives in Desperation /

APA

Dalgleish T., . (2011). The Structure of Past and Future Lives in Desperation. : .

Chicago

Dalgleish Tim, . 2011. The Structure of Past and Future Lives in Desperation. : .

Harvard

Dalgleish T., . (2011). The Structure of Past and Future Lives in Desperation. : .

MLA

Dalgleish Tim, . The Structure of Past and Future Lives in Desperation. : . 2011.

  • Print
  • Cite
  • Add to your cart (remove)
  • Save record
    BIBTEX Dublin Core MARCXML MARC (non-Unicode/MARC-8) MARC (Unicode/UTF-8) MARC (Unicode/UTF-8, Standard) MODS (XML) RIS
  • More searches
    Search for this title in:
    Other Libraries (WorldCat) Other Databases (Google Scholar) Online Stores (Bookfinder.com) Open Library (openlibrary.org)

Exporting to Dublin Core...

SOUTHVILLE LIBRARY

Southville International School and Colleges Library

1281 Tropical Ave. Cor. Luxembourg St., BF Homes International, Las Pinas City

Tel. No. 8256374 / 252358 Loc. 117/146

Powered by Koha